Normal view
MARC view
- Márquez Murrieta, Alicia
Entry Nombre Personal
001 - NUMERO DE CONTROL
- campo de control: 38185
003 - IDENTIFICADOR DE NUMERO DE CONTROL
- campo de control: UPN
005 - FECHA Y HORA DE LA ÜLTIMA TRANSACCIÓN
- campo de control: 20210219194533.0
008 - DATOS DE LONGITUD FIJA
- campo de control de longitud fija: nabaccnnaabn|||||||||| b |nc|||||d
035 ## - NUMERO DE CONTROL
- Número de control: UPN11000010292
040 ## - FUENTE DE CATALOGACIÓN
- Lenguaje de catalogación: SPA
- Agencia de transcripción: UPN
100 1# - ENCABEZAMIENTO - NOMBRE PERSONAL
- Nombre personal: Márquez Murrieta, Alicia
670 ## - FUENTE EN LA QUE SE LOCALIZARON DATOS
- Cita de la fuente: T
- Información localizada: El aborto en el México del siglo XXI : acontecimiento y problema público en el caso Paulina : de víctima a protagonista
680 ## - NOTA PUBLICA DE ACCESO PÚBLICO
- Frase explicativa de la referencia: Doctora en Sociología por la Escuela de Altos Estudios en Ciencias Sociales de París. Profesora e Investigadora del Istituto de Investifaciones Dr. José María Luis Mora. Miembro del Sistema Nacional de Investigadores
902 ## - CATALOGADOR
- Catalogador: EMR/080216
